000 02288cam a22005294i 4500
003 PE-LiUPU
005 20250731172920.0
008 150623s1990 kyu r 000 0 eng d
020 _a0664250955
020 _a9780664250959
035 _a(Sirsi) i9780664250959
040 _aPE-LiUPU
_bspa
_cPE-LiUPU
_erda
049 _aPRUA
082 0 4 _a241.209015
_bD97
100 1 _aDunn, James D. G., 1939-,
_eautor.
245 1 0 _aJesus, Paul, and the law :
_bstudies in mark and galatians /
_cJames D. G. Dunn.
264 1 _aLouisville, Kentucky :
_bWesttminster/John Knox press,
_c1990.
300 _a277 páginas ;
_c21 centímetros
336 _atext
_2rdacontent
337 _aunmediated
_2rdamedia
338 _avolume
_2rdacarrier
505 0 _aMark 2.1-3.6: A bridge between Jesus and paul on the question of the law -- Jesus and ritual purity -- Pharisees, sinners, and Jesus -- The relationship between paul and jerusalem according to galatians 1 and 2 -- The incident at antioch (Gal. 2.11-18) -- The new perspective on Paul -- Works of the law and the curse of the law -- The theology of Galatians.
526 _aSEG42
526 _aSEG41
526 _aSEG40
526 _aSEG39
526 _aP94
526 _aP87
526 _aP86
526 _aP85
526 _aP77
526 _aP76
526 _aP35
600 1 _aJESUCRISTO EN MARCOS
600 1 _aJESUCRISTO
_xINTERPRETACIONES JUDIAS
650 0 4 _aLEYES JUDIAS (PABLO, APÓSTOL).
910 _adbm
_bncf
_cncf
_d20190607
942 _2ddc
_cBOOK
949 _a241.209015 D97
_wDEWEY
_c1
_i40368
_mBUL
_r0
_sY
_tBOOK
_u2015-6-24
_xBIBLIOTECA
_zUNKNOWN
_0COMPRA
_o.STAFF. Colección Teología
949 _a241.209015 D97
_wDEWEY
_c2
_i43712
_lCCODEBUL1
_mBUL
_r0
_sY
_tBOOK
_u2015-6-24
_xTEOLOGIA
_PP35
_0COMPRA
_o.STAFF. Colección General
994 _aC0
_bPEPRU
596 _a1
999 _a241.209015 D97
_wDEWEY
_c20114
_i40368
_f2021-11-10
_g4
_lCCODEBUL1
_mBUL
_p26.42
_r0
_sY
_tBOOK
_u2015-6-24
_xTEOLOGIA
_PP35
_0COMPRA
_o.STAFF. Colección Teología
_d20114
999 _a241.209015 D97
_wDEWEY
_c2
_i43712
_f2021-11-10
_g5
_lCCODEBUL1
_mBUL
_r0
_sY
_tBOOK
_u2015-6-24
_xTEOLOGIA
_PP35
_0COMPRA
_o.STAFF. Colección General
980 _81
_gALBERTO SANCHEZ Responsable de Automatización